Projekt BCT 1 - Zwirn

Saved in:
Bibliographic Details
Main Author: Mokryš, Matúš (Author)
Other Authors: Funtík, Tomáš (Thesis advisor)
Format: Manuscript Book
Language:Slovak
Published: 2025
Subjects:
Online Access:http://is.stuba.sk/zp/portal_zp.pl?podrobnosti=186604
CRZP
Tags: Add Tag
No Tags, Be the first to tag this record!

MARC

LEADER 00000ntm a22000003a 4500
001 stuzp105374
003 SK-STU
005 20250729142525.4
007 ta
008 150427s2015----xo-----f-mn---000-0-slo-d
040 |a STU  |b slo 
041 0 |a slo 
100 1 |a Mokryš, Matúš  |u 010270  |4 aut  |U SvF Stavebná fakulta  |T SvF Katedra technológie stavieb  |X 103611  |U V270  |Y 28  |7 103611 
242 0 1 |a Project BCT 1  |y eng 
245 1 0 |a Projekt BCT 1 - Zwirn 
260 |c 2025 
650 4 |a Project BTC 1  |2 eng 
650 4 |a construction schedule  |2 eng 
650 4 |a steel fiber-reinforced concrete floor  |2 eng 
650 4 |a časový harmonogram  |2 slo 
650 4 |a drátkobetónová podlaha  |2 slo 
650 4 |a Projekt BTC 1  |2 slo 
700 1 |a Funtík, Tomáš  |u 010270  |k Z1  |4 ths  |U SvF Stavebná fakulta  |T SvF Katedra technológie stavieb  |X 22617  |U V270  |Y 28  |7 A000022617 
856 4 |u http://is.stuba.sk/zp/portal_zp.pl?podrobnosti=186604 
856 4 |u https://opac.crzp.sk/?fn=detailBiblioForm&sid=809C367C54749DCAA142ABFF7E5A  |z CRZP